000 00452nam a2200145 i 4500
001 42613
003 ES-MaACL
005 20230906160639.0
007 t|
008 030313s1910 sp ||||1| spa d
100 1 _aCastells Ballespí, Rosendo.
_936596
245 1 0 _aEstudio médico de las aguas y localidad balnearia de la Hermida /
_cRosendo Castells Ballespí.
260 _aMadrid :
_b[s.n.],
_c1910 (
_fRicardo Rojas)
852 _aES-MaACL
_jT-1470-F-2
999 _c42613
_d42613